Statistics for SAT Words Impossible Click Quiz - F

Click here to take the quiz!

General Stats

  • This quiz has been taken 59 times
  • The average score is 7 of 18

Answer Stats

HintAnswer% Correct
Tight-rope walkingFunambulism
69%
Easily broken or shatteredFrangible
64%
Resembling wool; fluffyFlocculent
53%
Relating to prophecy or destinyFatidic
50%
Showy or flashy clothingFrippery
47%
Intense but passing exhilarationFrisson
47%
One at the forefront of a group or movementFugleman
44%
Jumbled mixture; mishmashFarrago
42%
Entertainment section of newspaperFeuilleton
42%
Switch or ruler used to discipline childrenFerule
39%
Fleeting, ephemeralFugacious
39%
Temple, shrineFane
28%
Politically motivated rebel; malcontentFrondeur
28%
Able to be moulded like clayFictile
22%
Period of a person’s greatest successFloruit
17%
Sooty, murkyFuliginious
17%
Satirically obscene; scurrilousFescennine
8%
Servant, assistantFamulus
6%

Score Distribution

Percentile by Number Answered

Percent of People with Each Score

Your Score History

You have not taken this quiz